000 00683nam a2200229 a 4500
005 20210219152858.0
008 991125n 000 0 spa u
035 _aUPN01000064835
100 _aD'ANGELO, Estela
222 _aLA EDUCACION EN LOS PRIMEROS AÑOS
245 _a¡Arriba el telon! : taller de teatro y pantomima : un cuerpo, muchos significados, solo hay que buscarlos
260 _aBuenos Aires, Argentina
300 _a84-96
362 _a1998 1 (7)
653 0 _aEDUCACION INICIAL
653 0 _aEXPRESION CORPORAL
653 0 _aIMAGEN CORPORAL
653 0 _aTEATRO
700 _aMEDINA DE LA MAZA, Angeles
904 _aAC
_b002646
905 _aArticulo
999 _c62765
_d62765